Fenomén carsharring: Jezdit, ale nestarat se

Carsharing ako alternatíva k súkromnému vlastníctvu automobilu. Fungovanie carsharingu. Carsharing v Českej republike v troch podobách - station-based carsharing, free-floating carsharing a peer-to-peer carsharing. Škála zákazníkov, carsharing v dobe pandémie COVID-19 a výhody carsharingu.

Enregistré dans:
Détails bibliographiques
Auteur principal: Halfarová, Hana
Format: Chapitre de livre
Langue:tchèque
Sujets:
Tags: Ajouter un tag
Pas de tags, Soyez le premier à ajouter un tag!

MARC

LEADER 00000naa a2200000 4500
001 0278701
005 20210924095604.9
041 0 |a cze 
044 |a CZ 
245 1 0 |a Fenomén carsharring: Jezdit, ale nestarat se  |c Hana Halfarová 
520 |a Carsharing ako alternatíva k súkromnému vlastníctvu automobilu. Fungovanie carsharingu. Carsharing v Českej republike v troch podobách - station-based carsharing, free-floating carsharing a peer-to-peer carsharing. Škála zákazníkov, carsharing v dobe pandémie COVID-19 a výhody carsharingu. 
610 2 0 |a automobily osobné 
610 2 0 |a doprava 
610 2 0 |a prostredie životné 
610 2 0 |a emisie 
610 2 0 |a Česko 
100 1 |a Halfarová, Hana